Indian administration : (Record no. 67552)

MARC details
000 -LEADER
fixed length control field 00581nam a22001577a 4500
005 - DATE AND TIME OF LATEST TRANSACTION
control field 20120606123612.0
020 ## - INTERNATIONAL STANDARD BOOK NUMBER
International Standard Book Number 8171695388
Terms of availability 00
035 ## - SYSTEM CONTROL NUMBER
System control number A-945361
037 ## - SOURCE OF ACQUISITION
Stock number DPL
Source of stock number/acquisition ENG
100 ## - MAIN ENTRY--PERSONAL NAME
Personal name Khanna, S.K.
245 ## - TITLE STATEMENT
Title Indian administration :
Remainder of title Problems and attitudes /
Statement of responsibility, etc by S K Khanna
260 ## - PUBLICATION, DISTRIBUTION, ETC. (IMPRINT)
Place of publication, distribution, etc New Delhi
Name of publisher, distributor, etc Commonwealth Publishers
Date of publication, distribution, etc 1999
300 ## - PHYSICAL DESCRIPTION
Extent v, 244p.
Dimensions 20 cms.
942 ## - ADDED ENTRY ELEMENTS (KOHA)
Source of classification or shelving scheme Dewey Decimal Classification
Item type English Books
Classification part 354.00954
Call number suffix KHA
Holdings
Withdrawn status Lost status Not for loan Collection code Home library Current library Date acquired Cost, normal purchase price Full call number Barcode Cost, replacement price Koha item type
      Non-fiction Sarojini Nagar Sarojini Nagar 06/06/2012 0.00 354.00954 KHA A-945361 0.00 English Books

© Delhi Public Library
Hit Counter
free hit counter